| 000 | 00000nam##2200000za#4500 |
| 001 | 9.608185 |
| 003 | CaOODSP |
| 005 | 20210624213511 |
| 007 | cr ||||||||||| |
| 008 | 150406|2005||||xxc|||||o f|0| 0 fre|d |
| 040 | |aCaOODSP|bfre |
| 043 | |an-cn--- |
| 086 | 1 |aSC102-2/7-2005F-MP3 |
| 110 | 2 |aÉcole de la fonction publique du Canada. |
| 245 | 10|aOrienter quelqu'un dans l'espace. Fichier audio |h[ressource électronique] |
| 246 | 1 |iTitre additionnel (dans la publication) : |aAuto-évaluation - Activités orales : Objectif de formation 7 |
| 260 | |bÉcole de la fonction publique du Canada |
| 300 | |aDurée : 00:27:43 |
| 490 | 1 |aProgramme de français langue seconde - Niveaux A et B. Fichier audio |vObjectif de formation 7, 2005 |
| 500 | |aTitre de l'édition imprimée et du catalogueur.Fichiers audio qui accompagnent la version imprimée (SC102-2/7-2005F) et électronique (SC102-2/7-2005F-PDF) de ce titre. Comprend des activités de mise en train et de performance d'auto-évaluation orale. |
| 590 | |a15-01-Supp|b2015-01-26 |
| 590 | |a14-52-Supp|b2014-08-22 |
| 830 | #0|aProgramme de français langue seconde - Niveaux A et B. Fichier audio ;|vObjectif de formation 7, 2005|w(CaOODSP)9.504304 |
| 856 | 40|ahttp://publications.gc.ca|qMP3|s2642 Ko|uhttps://publications.gc.ca/collections/collection_2015/efpc-csps/SC102-2-7-3p-2005-fra.mp3 |
| 856 | 40|ahttp://publications.gc.ca|qMP3|s5933 Ko|uhttps://publications.gc.ca/collections/collection_2015/efpc-csps/SC102-2-7-16-2005-fra.mp3 |
| 856 | 40|ahttp://publications.gc.ca|qMP3|s15,326 Ko|uhttps://publications.gc.ca/collections/collection_2015/efpc-csps/SC102-2-7-1m-2005-fra.mp3 |
| 856 | 40|ahttp://publications.gc.ca|qMP3|s5140 Ko|uhttps://publications.gc.ca/collections/collection_2015/efpc-csps/SC102-2-7-1p-2005-fra.mp3 |
| 856 | 40|ahttp://publications.gc.ca|qMP3|s8976 Ko|uhttps://publications.gc.ca/collections/collection_2015/efpc-csps/SC102-2-7-2m-2005-fra.mp3 |
| 856 | 40|ahttp://publications.gc.ca|qMP3|s3212 Ko|uhttps://publications.gc.ca/collections/collection_2015/efpc-csps/SC102-2-7-2p-2005-fra.mp3 |
| 856 | 40|ahttp://publications.gc.ca|qMP3|s7339 Ko|uhttps://publications.gc.ca/collections/collection_2015/efpc-csps/SC102-2-7-3m-2005-fra.mp3 |
| 856 | 40|ahttp://publications.gc.ca|qMP3|s1614 Ko|uhttps://publications.gc.ca/collections/collection_2015/efpc-csps/SC102-2-7-5-2005-fra.mp3 |
| 856 | 40|ahttp://publications.gc.ca|qMP3|s3778 Ko|uhttps://publications.gc.ca/collections/collection_2015/efpc-csps/SC102-2-7-13-2005-fra.mp3 |
| 856 | 40|ahttp://publications.gc.ca|qMP3|s5468 Ko|uhttps://publications.gc.ca/collections/collection_2015/efpc-csps/SC102-2-7-29-2005-fra.mp3 |
| 856 | 40|ahttp://publications.gc.ca|qMP3|s4546 Ko|uhttps://publications.gc.ca/collections/collection_2015/efpc-csps/SC102-2-7-30-2005-fra.mp3 |
| 856 | 40|ahttp://publications.gc.ca|qMP3|s5420 Ko|uhttps://publications.gc.ca/collections/collection_2015/efpc-csps/SC102-2-7-31-2005-fra.mp3 |
| 856 | 40|ahttp://publications.gc.ca|qMP3|s5702 Ko|uhttps://publications.gc.ca/collections/collection_2015/efpc-csps/SC102-2-7-32-2005-fra.mp3 |
| 856 | 40|ahttp://publications.gc.ca|qMP3|s6214 Ko|uhttps://publications.gc.ca/collections/collection_2015/efpc-csps/SC102-2-7-33-2005-fra.mp3 |
| 856 | 40|ahttp://publications.gc.ca|qMP3|s4245 Ko|uhttps://publications.gc.ca/collections/collection_2015/efpc-csps/SC102-2-7-34-2005-fra.mp3 |
| 856 | 40|ahttp://publications.gc.ca|qMP3|s4445 Ko|uhttps://publications.gc.ca/collections/collection_2015/efpc-csps/SC102-2-7-44-2005-fra.mp3|yObjectif de formation 7, 2005 |